000 00353nam a2200133Ia 4500
005 20260328104341.0
008 260328s9999||||xx |||||||||||||| ||und||
100 _aVanasco, Alberto
245 0 _aFrank Lloyd Wright :
_b su Vida, su Obra, sus Palabras /
_cAlberto Vanasco
260 _bTroquel
300 _a239 p.
650 _aARQUITECTOS
942 _cBK
999 _c12121
_d12121